[Event "Pan American-ch"]
[Site "Washington DC"]
[Date "2006.12.30"]
[Round "6"]
[White "Goldstein, Brian"]
[Black "Hoekstra, Matthew"]
[Result "1/2-1/2"]
[WhiteElo "2079"]
[BlackElo "2389"]
[PlyCount "82"]
[EventDate "2006.12.27"]
[EventType "swiss"]
[EventRounds "6"]
[EventCountry "USA"]
[SourceTitle "CBM 116 Extra"]
[Source "ChessBase"]
[SourceDate "2007.03.07"]
[SourceVersion "1"]
[SourceVersionDate "2007.03.07"]
[SourceQuality "1"]

1. e4 g6 2. d4 Bg7 3. Nc3 c6 4. Nf3 d5 5. h3 Nh6 6. Bf4 f6 7. exd5 cxd5 8. Nb5 0-0 9. c4 e5 10. dxe5 a6 11. Nd6 fxe5 12. Qxd5+ Nf7 13. Nxc8 Qxc8 14. Be3 e4 15. Nd4 Rd8 16. Qxe4 Bxd4 17. Be2 Bxb2 18. Rb1 Bc3+ 19. Kf1 Nc6 20. Bg4 Qc7 21. Bb6 Qe5 22. Qxe5 Ncxe5 23. Bxd8 Nxg4 24. hxg4 Nxd8 25. Rh3 Bd4 26. Rd3 Bc5 27. Rd7 b6 28. Re1 Nf7 29. Re6 Kg7 30. Rc6 Rd8 31. Ra7 a5 32. Rcc7 Rf8 33. g3 Kf6 34. f4 Ke6 35. Rc6+ Nd6 36. Rxh7 Rf7 37. Rxf7 Kxf7 38. Ke2 Nxc4 39. Kd3 Nd6 40. Rc7+ Kf6 41. a4 Ke6 1/2-1/2

[Event "USA tt"]
[Site "ICC INT"]
[Date "2006.10.11"]
[Round "7"]
[White "Hoekstra, Matthew"]
[Black "Krush, Irina"]
[Result "0-1"]
[WhiteElo "2363"]
[BlackElo "2436"]
[PlyCount "64"]
[EventDate "2006.08.30"]
[EventType "team"]
[EventRounds "10"]
[EventCountry "USA"]
[SourceTitle "CBM 114 Extra"]
[Source "ChessBase"]
[SourceDate "2006.11.03"]
[SourceVersion "1"]
[SourceVersionDate "2006.11.03"]
[SourceQuality "1"]
[WhiteTeam "Carolina Cobras"]
[BlackTeam "New York Knights"]
[WhiteTeamCountry "USA"]
[BlackTeamCountry "USA"]

1. d4 d5 2. Nf3 Nf6 3. c4 dxc4 4. e3 e6 5. Bxc4 c5 6. 0-0 a6 7. dxc5 Qxd1 8. Rxd1 Bxc5 9. Nbd2 Nbd7 10. Be2 b6 11. Nc4 Bb7 12. b3 0-0 13. Bb2 Bd5 14. Nfe5 Rfd8 15. Rac1 Rac8 16. Nd3 Be7 17. Nf4 Ba8 18. Nd3 b5 19. Nce5 Nxe5 20. Bxe5 Ba3 21. Rxc8 Rxc8 22. Nf4 Kf8 23. Bd6+ Bxd6 24. Rxd6 Ne4 25. Rd7 Rc1+ 26. Bf1 Bc6 27. Rd3 b4 28. Ne2 Ra1 29. Nd4 Be8 30. f3 Nc3 31. a4 bxa3 32. Nc2 Rxf1+ 0-1

[Event "World op 34th"]
[Site "Philadelphia"]
[Date "2006.06.28"]
[Round "1"]
[White "Hoekstra, Matthew"]
[Black "Collier, Philip M"]
[Result "1-0"]
[WhiteElo "2363"]
[BlackElo "2116"]
[PlyCount "65"]
[EventDate "2006.06.28"]
[EventType "swiss"]
[EventRounds "9"]
[EventCountry "USA"]
[SourceTitle "CBM 112 Extra"]
[Source "ChessBase"]
[SourceDate "2006.07.14"]
[SourceVersion "1"]
[SourceVersionDate "2006.07.14"]
[SourceQuality "1"]

1. d4 Nf6 2. Bg5 c5 3. Bxf6 gxf6 4. d5 Qb6 5. Qc1 d6 6. g3 Bg7 7. Nd2 f5 8. c3 Nd7 9. Nh3 Ne5 10. Nf4 Ng6 11. Nh5 Bh6 12. e3 Ne5 13. Be2 Qc7 14. Qc2 Bd7 15. f4 Ng6 16. Bd3 Qc8 17. a4 0-0 18. Nc4 Rb8 19. 0-0 b6 20. Rad1 a6 21. a5 bxa5 22. Nxa5 Qc7 23. Ra1 Bg7 24. Nxg7 Kxg7 25. Rf2 e6 26. e4 fxe4 27. Bxe4 Rb5 28. Nc4 exd5 29. Bxd5 Ne7 30. Qd2 Rd8 31. Ne3 Rdb8 32. c4 Rxb2 33. Qc3+ 1-0

[Event "USA-ch"]
[Site "San Diego"]
[Date "2004.11.30"]
[Round "6"]
[White "Hoekstra, Matthew"]
[Black "Martinez, Marcel"]
[Result "0-1"]
[WhiteElo "2369"]
[BlackElo "2383"]
[PlyCount "64"]
[EventDate "2004.11.24"]
[EventType "swiss"]
[EventRounds "9"]
[EventCountry "USA"]
[SourceTitle "CBM 105"]
[Source "ChessBase"]
[SourceDate "2005.04.11"]
[SourceVersion "1"]
[SourceVersionDate "2005.04.11"]
[SourceQuality "1"]

1. d4 g6 2. c4 Nf6 3. Nc3 Bg7 4. e4 0-0 5. Be2 d6 6. Bg5 c5 7. d5 h6 8. Bf4 e6 9. dxe6 Bxe6 10. Qd2 Kh7 11. Bxd6 Re8 12. e5 Nfd7 13. f4 f6 14. Nf3 fxe5 15. fxe5 Nc6 16. Qf4 Ndxe5 17. Bxe5 Nxe5 18. Nxe5 Qd4 19. Nxg6 Kxg6 20. Qg3+ Kh7 21. Rd1 Qf6 22. Rf1 Qe5 23. Rf4 Kh8 24. Rd3 Bg8 25. Rd7 Re7 26. Rxe7 Qxe7 27. Nd5 Qe5 28. b3 Re8 29. Qf3 Qa1+ 30. Kf2 Bd4+ 31. Kg3 Qe1+ 32. Kh3 Qxe2 0-1

[Event "USA-ch"]
[Site "San Diego"]
[Date "2004.11.28"]
[Round "4"]
[White "Gurevich, Dmitry"]
[Black "Hoekstra, Matthew"]
[Result "1-0"]
[WhiteElo "2499"]
[BlackElo "2369"]
[PlyCount "69"]
[EventDate "2004.11.24"]
[EventType "swiss"]
[EventRounds "9"]
[EventCountry "USA"]
[SourceTitle "CBM 105"]
[Source "ChessBase"]
[SourceDate "2005.04.11"]
[SourceVersion "1"]
[SourceVersionDate "2005.04.11"]
[SourceQuality "1"]

1. c4 e6 2. Nf3 Nf6 3. g3 d5 4. Bg2 dxc4 5. Na3 Bxa3 6. bxa3 Nbd7 7. Qa4 a6 8. Qxc4 b5 9. Qc6 Rb8 10. d3 Bb7 11. Qc2 c5 12. 0-0 Qe7 13. a4 b4 14. a3 0-0 15. Bd2 a5 16. Qb2 e5 17. Rfc1 e4 18. dxe4 Nxe4 19. Bf4 Rbc8 20. Nd2 Nb6 21. axb4 cxb4 22. Bxe4 Rxc1+ 23. Rxc1 Nxa4 24. Qe5 Qxe5 25. Bxe5 Bxe4 26. Nxe4 f6 27. Ra1 Nb6 28. Bc7 Nc4 29. Rc1 Na3 30. Bxa5 Rb8 31. Ra1 Nc2 32. Rb1 Rb5 33. Rb2 b3 34. Bc3 Na3 35. Nd2 1-0

[Event "USA-ch U18"]
[Site "Lindsborg"]
[Date "2004.07.23"]
[Round "6"]
[White "Bercys, Salvijus"]
[Black "Hoekstra, Matthew"]
[Result "1/2-1/2"]
[WhiteElo "2279"]
[BlackElo "2358"]
[PlyCount "53"]
[EventDate "2004.07.20"]
[EventType "tourn"]
[EventRounds "9"]
[EventCountry "USA"]
[EventCategory "6"]
[SourceTitle "CBM 101 Extra"]
[Source "ChessBase"]
[SourceDate "2004.09.01"]
[SourceVersion "2"]
[SourceVersionDate "2004.09.01"]
[SourceQuality "1"]

1. d4 Nf6 2. c4 e6 3. Nf3 d5 4. Nc3 Bb4 5. cxd5 exd5 6. Bg5 h6 7. Bxf6 Qxf6 8. Qb3 c5 9. e3 0-0 10. dxc5 Bxc3+ 11. bxc3 Be6 12. Nd4 Nd7 13. Qb4 Rfc8 14. Be2 Nxc5 15. 0-0 b6 16. Rac1 Rab8 17. Rfd1 a5 18. Qa3 Nd7 19. Qd6 Qe5 20. Qxe5 Nxe5 21. f4 Nc4 22. Nxe6 fxe6 23. e4 dxe4 24. Rd4 b5 25. Rxe4 Kf7 26. Rd1 Rd8 27. Rxd8 1/2-1/2

[Event "USA-ch U18"]
[Site "Lindsborg"]
[Date "2004.07.22"]
[Round "4"]
[White "Schneider, Dmitry"]
[Black "Hoekstra, Matthew"]
[Result "1-0"]
[WhiteElo "2454"]
[BlackElo "2358"]
[PlyCount "105"]
[EventDate "2004.07.20"]
[EventType "tourn"]
[EventRounds "9"]
[EventCountry "USA"]
[EventCategory "6"]
[SourceTitle "CBM 101 Extra"]
[Source "ChessBase"]
[SourceDate "2004.09.01"]
[SourceVersion "2"]
[SourceVersionDate "2004.09.01"]
[SourceQuality "1"]

1. e4 c6 2. d4 d5 3. exd5 cxd5 4. c4 Nf6 5. Nc3 e6 6. Nf3 Bb4 7. cxd5 Nxd5 8. Qc2 Bd7 9. a3 Ba5 10. Bd2 Nf6 11. Be2 Bc6 12. 0-0 0-0 13. Bg5 h6 14. Bh4 Bxf3 15. Bxf3 Nc6 16. Bxc6 bxc6 17. Rfd1 Bc7 18. Na4 Rc8 19. Nc5 Qd6 20. Bg3 Qd5 21. Bxc7 Rxc7 22. Rac1 Qd6 23. b4 Rd8 24. Nb3 Qf4 25. Qd2 Qe4 26. Qe3 Qd5 27. Rc5 Qd6 28. Rdc1 Nd7 29. R5c2 Nb6 30. Qg3 e5 31. Qxe5 Qxe5 32. dxe5 Rd3 33. Rc3 Rcd7 34. g3 Na4 35. Rxd3 Rxd3 36. Na5 Rxa3 37. Rxc6 Nb2 38. Rd6 Nd3 39. Nc6 Rb3 40. Rd4 Rb1+ 41. Kg2 Ne1+ 42. Kh3 h5 43. Ne7+ Kh7 44. Rf4 f6 45. Rh4 Kh6 46. Nf5+ Kg6 47. e6 Nf3 48. e7 Re1 49. Rxh5 Rxe7 50. Nxe7+ Kxh5 51. Nc6 f5 52. Kg2 Ne1+ 53. Kf1 1-0

[Event "USA-ch U18"]
[Site "Lindsborg"]
[Date "2004.07.21"]
[Round "2"]
[White "Hoekstra, Matthew"]
[Black "Rensch, Daniel"]
[Result "1/2-1/2"]
[WhiteElo "2358"]
[BlackElo "2384"]
[PlyCount "81"]
[EventDate "2004.07.20"]
[EventType "tourn"]
[EventRounds "9"]
[EventCountry "USA"]
[EventCategory "6"]
[SourceTitle "CBM 101 Extra"]
[Source "ChessBase"]
[SourceDate "2004.09.01"]
[SourceVersion "2"]
[SourceVersionDate "2004.09.01"]
[SourceQuality "1"]

1. d4 Nf6 2. c4 e6 3. Nc3 Bb4 4. Qc2 0-0 5. e4 d5 6. e5 Ne4 7. a3 Bxc3+ 8. bxc3 c5 9. Bb2 Nc6 10. 0-0-0 cxd4 11. cxd4 f5 12. f3 Ng5 13. h4 Nf7 14. g4 Ne7 15. Kb1 dxc4 16. Bxc4 b5 17. Bb3 fxg4 18. Qe4 Nd5 19. Bc2 g6 20. Re1 Qa5 21. Re2 gxf3 22. Nxf3 Bb7 23. Qg4 Nc3+ 24. Bxc3 Qxc3 25. Rh3 Nh6 26. Qxe6+ Kh8 27. Nd2 Qxd4 28. Rd3 Qg1+ 29. Kb2 Bc8 30. Qd5 Bf5 31. e6 Bxd3 32. Bxd3 Rac8 33. Nb3 Qf1 34. e7 Qf6+ 35. Qd4 Qxd4+ 36. Nxd4 Rfe8 37. Bxb5 Nf5 38. Nxf5 gxf5 39. Bxe8 Rxe8 40. Re5 Kg7 41. Rxf5 1/2-1/2

[Event "Vermont CCA/ICC op"]
[Site "Stratton Mountain"]
[Date "2004.06.13"]
[Round "9"]
[White "Hoekstra, Matthew"]
[Black "Ehlvest, Jaan"]
[Result "0-1"]
[WhiteElo "2358"]
[BlackElo "2596"]
[PlyCount "48"]
[EventDate "2004.06.08"]
[EventType "swiss"]
[EventRounds "10"]
[EventCountry "USA"]
[SourceTitle "CBM 100 Extra"]
[Source "ChessBase"]
[SourceDate "2004.07.06"]
[SourceVersion "2"]
[SourceVersionDate "2004.07.06"]
[SourceQuality "1"]

1. d4 Nf6 2. c4 e6 3. Nc3 Bb4 4. e3 0-0 5. Nge2 d5 6. a3 Be7 7. Ng3 b6 8. b4 c5 9. Rb1 cxd4 10. exd4 dxc4 11. Bxc4 Bb7 12. 0-0 Qc7 13. Qb3 Rc8 14. Bxe6 fxe6 15. Qxe6+ Kh8 16. Nf5 Qd7 17. Re1 Bf8 18. Bb2 Re8 19. Qxd7 Nbxd7 20. Nb5 Be4 21. Nfd6 Bxd6 22. Nxd6 Bxb1 23. Nxe8 Rxe8 24. Rxb1 Re2 0-1

[Event "Vermont CCA/ICC op"]
[Site "Stratton Mountain"]
[Date "2004.06.11"]
[Round "6"]
[White "Hoekstra, Matthew"]
[Black "Betaneli, Aleksandr"]
[Result "1-0"]
[WhiteElo "2358"]
[BlackElo "2228"]
[PlyCount "77"]
[EventDate "2004.06.08"]
[EventType "swiss"]
[EventRounds "10"]
[EventCountry "USA"]
[SourceTitle "CBM 100 Extra"]
[Source "ChessBase"]
[SourceDate "2004.07.06"]
[SourceVersion "2"]
[SourceVersionDate "2004.07.06"]
[SourceQuality "1"]

1. d4 Nf6 2. c4 e6 3. Nc3 Bb4 4. e3 c5 5. Nge2 b6 6. a3 Ba5 7. Rb1 Na6 8. Qa4 Bb7 9. Bd2 Ne4 10. Nxe4 Bxe4 11. Rd1 Bc6 12. Qc2 Bxd2+ 13. Rxd2 Qg5 14. d5 Bb7 15. h4 Qh6 16. g4 Qg6 17. Nf4 Qxc2 18. Rxc2 e5 19. Nh5 0-0 20. g5 Nc7 21. Ng3 d6 22. Nf5 Rfd8 23. Bh3 Kf8 24. e4 b5 25. h5 bxc4 26. a4 Rab8 27. Bf1 Ba6 28. g6 fxg6 29. hxg6 hxg6 30. Rh8+ Kf7 31. Nxd6+ Ke7 32. Rxd8 Rxd8 33. Nxc4 Bxc4 34. Rxc4 Kd6 35. Rc3 Rf8 36. b4 cxb4 37. Rc6+ Kd7 38. Bh3+ Kd8 39. d6 1-0

[Event "World op 31st"]
[Site "Philadelphia"]
[Date "2003.07.01"]
[Round "2"]
[White "Finegold, Benjamin"]
[Black "Hoekstra, Matthew"]
[Result "1/2-1/2"]
[WhiteElo "2539"]
[BlackElo "2302"]
[PlyCount "111"]
[EventDate "2003.06.30"]
[EventType "swiss"]
[EventRounds "9"]
[EventCountry "USA"]
[SourceTitle "EXT 2004"]
[Source "ChessBase"]
[SourceDate "2003.11.25"]
[SourceVersion "1"]
[SourceVersionDate "2003.11.25"]
[SourceQuality "1"]

1. d4 Nf6 2. c4 e6 3. Nc3 Bb4 4. Qc2 0-0 5. Nf3 c5 6. dxc5 Na6 7. g3 Nxc5 8. Bg2 Nce4 9. Bd2 Nxd2 10. Nxd2 a6 11. 0-0 Rb8 12. Nde4 Nxe4 13. Nxe4 Be7 14. Rfd1 Qc7 15. Qd2 d6 16. Qf4 Rd8 17. Rac1 b6 18. b4 Bb7 19. c5 Bxe4 20. Bxe4 Qd7 21. cxd6 Bxd6 22. Qh4 f5 23. Rc6 Bxg3 24. Qxd8+ Rxd8 25. Rxd7 Rxd7 26. hxg3 fxe4 27. Rxb6 a5 28. bxa5 Rd5 29. a6 Kf7 30. a4 Rd4 31. Rb7+ Kf6 32. a7 Rxa4 33. g4 h6 34. Kg2 Ra3 35. e3 Ra2 36. Kg3 g5 37. f4 exf3 38. Kxf3 Ra4 39. Ke2 Kg6 40. Rb6 Kf6 41. Rb7 Kg6 42. Kf3 Kf6 43. Rc7 Kg6 44. Ke2 Ra3 45. Rd7 h5 46. gxh5+ Kxh5 47. Kf3 Kg6 48. Ke4 Ra5 49. Rc7 Kf6 50. Kf3 Ra4 51. Rb7 Kf5 52. e4+ Ke5 53. Kg4 Rxe4+ 54. Kxg5 Ra4 55. Rd7 Ra1 56. Rb7 1/2-1/2

[Event "USA-ch U20"]
[Site "Dallas"]
[Date "2002.07.21"]
[Round "6"]
[White "Rensch, Daniel"]
[Black "Hoekstra, Matthew"]
[Result "0-1"]
[WhiteElo "2298"]
[BlackElo "2238"]
[PlyCount "124"]
[EventDate "2002.07.18"]
[EventType "tourn"]
[EventRounds "9"]
[EventCountry "USA"]
[EventCategory "3"]
[SourceTitle "CBM 089 Extra"]
[Source "ChessBase"]
[SourceDate "2002.09.10"]
[SourceVersion "2"]
[SourceVersionDate "2002.09.10"]
[SourceQuality "1"]

1. d4 Nf6 2. Nf3 d5 3. c4 e6 4. Nc3 Bb4 5. Bg5 h6 6. Bxf6 Qxf6 7. Qa4+ Nc6 8. cxd5 exd5 9. e3 0-0 10. Rc1 Rd8 11. Be2 a6 12. 0-0 Be6 13. Qb3 Rab8 14. Na4 Bd6 15. Nc5 Ne7 16. Rfe1 Ng6 17. Nxe6 Qxe6 18. Bd3 Qf6 19. e4 dxe4 20. Bxe4 Nf8 21. g3 c6 22. Rcd1 Ne6 23. Kg2 Bf8 24. Qc4 Rd6 25. d5 cxd5 26. Rxd5 b5 27. Qc2 Rbd8 28. Rxd6 Rxd6 29. Re3 Rd8 30. Qc6 Qxb2 31. Bc2 Nc5 32. Re2 Qf6 33. Qc7 Qd6 34. Qa5 Rc8 35. Bf5 Rb8 36. Rd2 Qc6 37. Qc3 Qf6 38. Qxf6 gxf6 39. Nd4 Rb6 40. Kf3 a5 41. Nb3 Nxb3 42. axb3 a4 43. bxa4 bxa4 44. Be4 a3 45. Ra2 Rb5 46. g4 Bd6 47. Bd3 Rb3 48. Ke4 Be5 49. Rc2 Rb4+ 50. Kf3 Ra4 51. Ra2 Bb2 52. h4 Kf8 53. h5 Ke7 54. Bf5 Kd6 55. Ke3 Kc5 56. f4 Rd4 57. g5 fxg5 58. fxg5 Rd5 59. Ke4 Rd4+ 60. Ke3 hxg5 61. h6 Rh4 62. h7 Kd6 0-1

[Event "USA-ch U20"]
[Site "Dallas"]
[Date "2002.07.18"]
[Round "2"]
[White "Hoekstra, Matthew"]
[Black "Wang, Philip Xiao"]
[Result "0-1"]
[WhiteElo "2238"]
[BlackElo "2306"]
[PlyCount "68"]
[EventDate "2002.07.18"]
[EventType "tourn"]
[EventRounds "9"]
[EventCountry "USA"]
[EventCategory "3"]
[SourceTitle "CBM 089 Extra"]
[Source "ChessBase"]
[SourceDate "2002.09.10"]
[SourceVersion "2"]
[SourceVersionDate "2002.09.10"]
[SourceQuality "1"]

1. e4 c5 2. Nf3 Nc6 3. Bb5 g6 4. 0-0 Bg7 5. c3 Nf6 6. Re1 0-0 7. d4 d5 8. e5 Ne4 9. Bxc6 bxc6 10. Nbd2 Nxd2 11. Nxd2 cxd4 12. cxd4 c5 13. dxc5 Qc7 14. Nb3 Bxe5 15. Qxd5 Bxh2+ 16. Kh1 Bb7 17. Qg5 h6 18. Qxh6 Be5 19. Qg5 Bf6 20. Qf4 Qc6 21. Qh2 a5 22. Be3 Rfd8 23. Rad1 Rd5 24. Rxd5 Qxd5 25. f3 a4 26. Nd2 Qxa2 27. Qc7 Bd5 28. Qd7 Kg7 29. c6 Be6 30. Qb7 Rh8+ 31. Kg1 Qxb2 32. Ne4 Be5 33. Qxe7 Bh2+ 34. Kf1 Bc4+ 0-1

[Event "Philadelphia National op 32nd"]
[Site "Philadelphia"]
[Date "2001.11.24"]
[Round "3"]
[White "Hoekstra, Matthew"]
[Black "Paschall, William M"]
[Result "1/2-1/2"]
[WhiteElo "2213"]
[BlackElo "2390"]
[PlyCount "136"]
[EventDate "2001.11.23"]
[EventType "swiss"]
[EventRounds "6"]
[EventCountry "USA"]
[SourceTitle "CBM 085 Extra"]
[Source "ChessBase"]
[SourceDate "2002.01.21"]
[SourceVersion "1"]
[SourceVersionDate "2002.01.21"]
[SourceQuality "1"]

1. e4 c5 2. Nf3 Nc6 3. Bb5 d6 4. 0-0 Bd7 5. c3 Nf6 6. Re1 a6 7. Bxc6 Bxc6 8. d4 Bxe4 9. Bg5 Bd5 10. Nbd2 e6 11. c4 Bxf3 12. Qxf3 cxd4 13. Bxf6 gxf6 14. Qxb7 Qc8 15. Qb6 f5 16. Qxd4 Rg8 17. Qd3 Be7 18. Nf3 Qb7 19. Re2 Rd8 20. Rc1 Kf8 21. Qc3 Rb8 22. Kh1 Qb4 23. Qd4 Qb6 24. Qc3 Rg7 25. Nd4 Rg6 26. Nxe6+ fxe6 27. Qh8+ Kf7 28. Qxh7+ Rg7 29. Qh5+ Kg8 30. Qh6 e5 31. Qe6+ Kh8 32. Rc3 Rh7 33. c5 dxc5 34. Qxf5 Rd8 35. h3 Qd6 36. Re4 Qd1+ 37. Kh2 Rh5 38. Qg6 Rc8 39. Qf7 Rh7 40. Qf5 Qd6 41. Rg3 Rf8 42. Qg4 Qh6 43. Qe2 Bg5 44. Ra3 Bf4+ 45. Kg1 Rd8 46. Rea4 Rhd7 47. g4 Qc6 48. Qe4 Rd1+ 49. Kg2 Qxe4+ 50. Rxe4 R8d4 51. Re2 R4d2 52. Rxd2 Rxd2 53. Rxa6 Be3 54. Kf3 Bd4 55. g5 Rxf2+ 56. Kg4 e4 57. Kh5 Kg7 58. Ra7+ Rf7 59. Rxf7+ Kxf7 60. Kg4 c4 61. Kf4 e3 62. Kf3 Ke6 63. h4 Kf5 64. a4 Bb6 65. a5 Bxa5 66. Kxe3 Ke5 67. g6 Bb6+ 68. Kd2 Kf6 1/2-1/2

[Event "US Open-102"]
[Site "Framingham"]
[Date "2001.08.07"]
[Round "4"]
[White "Shahade, Gregory P"]
[Black "Hoekstra, Matthew"]
[Result "1/2-1/2"]
[WhiteElo "2455"]
[BlackElo "2213"]
[PlyCount "69"]
[EventDate "2001.08.04"]
[EventType "swiss"]
[EventRounds "9"]
[EventCountry "USA"]
[SourceTitle "CBM 083 Extra"]
[Source "ChessBase"]
[SourceDate "2001.09.11"]
[SourceVersion "1"]
[SourceVersionDate "2001.09.11"]
[SourceQuality "1"]

1. e4 c5 2. Nf3 g6 3. d4 Bg7 4. Nc3 cxd4 5. Nxd4 Nc6 6. Be3 Nf6 7. Bc4 0-0 8. 0-0 Nxe4 9. Nxe4 d5 10. Nxc6 bxc6 11. Bd3 dxe4 12. Bxe4 Qa5 13. c3 Rb8 14. Qc2 c5 15. Rfd1 Be6 16. Bd5 Bf5 17. Qe2 Qb5 18. Rd2 Qxe2 19. Rxe2 Rfd8 20. Bc4 Bf6 21. Rc1 Rbc8 22. Ree1 Bd3 23. Bxd3 Rxd3 24. Rcd1 Rxd1 25. Rxd1 Rb8 26. b3 c4 27. bxc4 Rc8 28. c5 Bxc3 29. Kf1 Kf8 30. Rd3 Be5 31. Rd7 Bb8 32. Ke2 Bc7 33. Rd3 Ke8 34. Ra3 a5 35. Bd2 1/2-1/2